Lectures on urban economics

Bibliographic Details
Main Author: Brueckner, Jan K.
Corporate Author: ProQuest (Firm)
Format: Electronic eBook
Language:English
Published: Cambridge, Mass. : MIT Press, c2011.
Subjects:
Online Access:Click to View
LEADER 01198nam a2200337 a 4500
001 EBC3339314
003 MiAaPQ
005 20200520144314.0
006 m o d |
007 cr cn|||||||||
008 110217s2011 maua sb 001 0 eng d
010 |z  2011006524 
020 |z 9780262016360 
020 |a 9780262300308 (electronic bk.) 
035 |a (MiAaPQ)EBC3339314 
035 |a (Au-PeEL)EBL3339314 
035 |a (CaPaEBR)ebr10509210 
035 |a (OCoLC)760886986 
040 |a MiAaPQ  |c MiAaPQ  |d MiAaPQ 
050 4 |a HT321  |b .B78 2011 
082 0 4 |a 330.09173/2  |2 22 
100 1 |a Brueckner, Jan K. 
245 1 0 |a Lectures on urban economics  |h [electronic resource] /  |c Jan K. Brueckner. 
260 |a Cambridge, Mass. :  |b MIT Press,  |c c2011. 
300 |a x, 285 p. :  |b ill. 
504 |a Includes bibliographical references and index. 
533 |a Electronic reproduction. Ann Arbor, MI : ProQuest, 2015. Available via World Wide Web. Access may be limited to ProQuest affiliated libraries. 
650 0 |a Urban economics. 
655 4 |a Electronic books. 
710 2 |a ProQuest (Firm) 
856 4 0 |u https://ebookcentral.proquest.com/lib/matrademy/detail.action?docID=3339314  |z Click to View